Варианты оценки и использования информативных показателей двигательного спортивного действия спортсменов циклических видов спорта после применения внетренировочных средств в годичном цикле подготовки (Запись № 11465275)
[ простой вид ]
| 000 -МАРКЕР | |
|---|---|
| контрольное поле | 02695nam0a2200385 4500 |
| 001 - ИДЕНТИФИКАТОР ЗАПИСИ | |
| контрольное поле | RU\NLR\BIBL_A\012329473 |
| 005 - ИДЕНТИФИКАТОР ВЕРСИИ | |
| контрольное поле | 20201224190120.0 |
| 010 ## - МЕЖДУНАРОДНЫЙ СТАНДАРТНЫЙ НОМЕР КНИГИ (ISBN) | |
| Номер (ISBN) | 978-5-91730-931-6 |
| Тираж | 300 |
| 021 ## - НОМЕР ГОСУДАРСТВЕННОЙ РЕГИСТРАЦИИ | |
| Код страны | Российская Федерация |
| Номер | КН-П-20-026712 |
| Номер Листа государственной регистраци | КН-П-20-2060 |
| 035 ## - ДРУГИЕ СИСТЕМНЫЕ НОМЕРА | |
| Идентификатор записи | (NLR Aleph) 012329473 |
| 035 ## - ДРУГИЕ СИСТЕМНЫЕ НОМЕРА | |
| Идентификатор записи | (RuMoRGB)010334620 |
| 100 ## - ДАННЫЕ ОБЩЕЙ ОБРАБОТКИ | |
| Данные общей обработки | 20200910d2019 u y0rusy50 ca |
| 101 0# - ЯЗЫК РЕСУРСА | |
| Язык текста, звукозаписи и т.д. | русский |
| 102 ## - СТРАНА ПУБЛИКАЦИИ ИЛИ ПРОИЗВОДСТВА | |
| Страна публикации | Российская Федерация |
| 105 ## - ПОЛЕ КОДИРОВАННЫХ ДАННЫХ: ТЕКСТОВЫЕ МАТЕРИАЛЫ, МОНОГРАФИЧЕСКИЕ | |
| Кодированные данные о монографическом текстовом документе | a|||jzzz000zy |
| 181 #0 - ПОЛЕ КОДИРОВАННЫХ ДАННЫХ: ВИД СОДЕРЖАНИЯ | |
| Код вида содержания (ISBD) | i |
| Код характеристики содержания (ISBD) | axxe |
| 182 #0 - ПОЛЕ КОДИРОВАННЫХ ДАННЫХ: ТИП СРЕДСТВА | |
| Код типа средства (ISBD) | n - непосредственное |
| 200 1# - ЗАГЛАВИЕ И СВЕДЕНИЯ ОБ ОТВЕТСТВЕННОСТИ | |
| Основное заглавие | Варианты оценки и использования информативных показателей двигательного спортивного действия спортсменов циклических видов спорта после применения внетренировочных средств в годичном цикле подготовки |
| Сведения, относящиеся к заглавию | учебно-методическое пособие |
| -- | [для студентов вузов физической культуры] |
| Первые сведения об ответственности | А. Н. Тамбовский, Т. А. Сидоренко, С. Г. Сейранов [и др.] |
| Последующие сведения об ответственности | Министерство спорта Российской Федерации, ФГБОУ ВО "Московская государственная академия физической культуры" |
| 203 ## - ВИД СОДЕРЖАНИЯ И ТИП СРЕДСТВА | |
| Вид содержания | Текст |
| Дополнительные сведения об издании | визуальный |
| Тип средства | непосредственный |
| 210 ## - ПУБЛИКАЦИЯ, РАСПРОСТРАНЕНИЕ И ДР. | |
| Место издания, распространения и т.д. | Малаховка, Московская обл. |
| -- | Москва |
| Имя издателя, распространителя и т. д. | ФГБОУ ВО "Московская государственная академия физической культуры" |
| Дата издания, распространения и т.д. | 2019 |
| 215 ## - ФИЗИЧЕСКАЯ ХАРАКТЕРИСТИКА | |
| Специфическое обозначение материала и объем | 91 с. |
| Другие сведения о физической характеристике | ил., табл. |
| Размеры | 21 |
| 320 ## - ПРИМЕЧАНИЯ О НАЛИЧИИ В ДОКУМЕНТЕ БИБЛИОГРАФИИ / УКАЗАТЕЛЯ | |
| Текст примечания | Библиогр.: с. 83-91 (53 назв.) |
| 606 1# - НАИМЕНОВАНИЕ ТЕМЫ КАК ПРЕДМЕТ | |
| Наименование темы | Циклические виды спорта |
| Формальный подзаголовок | Учебно-методические пособия |
| Тематический подзаголовок | Врачебный контроль |
| Системный номер авторитетной/нормативной записи | 2414534 |
| Идентификатор авторитетной/нормативной записи | RU\NLR\AUTH\6601657344 |
| 606 1# - НАИМЕНОВАНИЕ ТЕМЫ КАК ПРЕДМЕТ | |
| Наименование темы | Спортсмены циклических видов спорта |
| Формальный подзаголовок | Учебно-методические пособия |
| Тематический подзаголовок | Работоспособность |
| -- | Восстановление |
| -- | Применение физиотерапии |
| Системный номер авторитетной/нормативной записи | 2453869 |
| Идентификатор авторитетной/нормативной записи | RU\NLR\AUTH\6601676277 |
| 610 0# - НЕКОНТРОЛИРУЕМЫЕ ПРЕДМЕТНЫЕ ТЕРМИНЫ | |
| Предметный термин | циклические виды спорта - врачебно-педагогические наблюдения |
| 686 1# - ИНДЕКСЫ ДРУГИХ КЛАССИФИКАЦИЙ | |
| Индекс | Ч517.29цикл0я7 |
| 701 #1 - ИМЯ ЛИЦА - АЛЬТЕРНАТИВНАЯ ОТВЕТСТВЕННОСТЬ | |
| Начальный элемент ввода | Тамбовский |
| Часть имени, кроме начального элемента ввода | А. Н. |
| Расширение инициалов личного имени | Анатолий Николаевич |
| 701 #1 - ИМЯ ЛИЦА - АЛЬТЕРНАТИВНАЯ ОТВЕТСТВЕННОСТЬ | |
| Начальный элемент ввода | Сидоренко |
| Часть имени, кроме начального элемента ввода | Т. А. |
| 701 #1 - ИМЯ ЛИЦА - АЛЬТЕРНАТИВНАЯ ОТВЕТСТВЕННОСТЬ | |
| Начальный элемент ввода | Сейранов |
| Часть имени, кроме начального элемента ввода | С. Г. |
| Расширение инициалов личного имени | Сергей Германович |
| 942 ## - ДОПОЛНИТЕЛЬНЫЕ ЭЛЕМЕНТЫ ЗАПИСИ (АБИС) | |
| Тип экземпляра АБИС | Книга |
| 980 ## - КОЛЛЕКЦИЯ | |
| Название коллекции | НБР |
| 980 ## - КОЛЛЕКЦИЯ | |
| Название коллекции | Национальная библиография |
Нет доступных экземпляров.